Guidance for monitoring landfill gas emissions (Record no. 102834)

MARC details
000 -LEADER
fixed length control field 00984cam a2200205 4500
001 - CONTROL NUMBER
control field J122352
008 - FIXED-LENGTH DATA ELEMENTS--GENERAL INFORMATION
fixed length control field 030521n2003 000 0 eng u
035 ## - SYSTEM CONTROL NUMBER
System control number (Sirsi) u122352
041 ## - LANGUAGE CODE
Language code of text/sound track or separate title eng
050 ## - LIBRARY OF CONGRESS CALL NUMBER
Classification number 614.76
-- 18
110 ## - MAIN ENTRY--CORPORATE NAME
Corporate name or jurisdiction name as entry element England and Wales
Subordinate unit Environment Agency
9 (RLIN) 2469
245 ## - TITLE STATEMENT
Title Guidance for monitoring landfill gas emissions
260 ## - PUBLICATION, DISTRIBUTION, ETC.
Name of publisher, distributor, etc. Environment Agency
Date of publication, distribution, etc. 2003
520 ## - SUMMARY, ETC.
Summary, etc. A consultation on proposed landfill gas emission standards. The document recommends that the monitoring of methane emissions should occur in two stages: a simple walkover survey to detect and remediate basic deficiencies in the gas management system; and the use of flux measurements. View at www.environment-agency.gov.uk.
650 ## - SUBJECT ADDED ENTRY--TOPICAL TERM
Topical term or geographic name entry element LANDFILL GAS
650 ## - SUBJECT ADDED ENTRY--TOPICAL TERM
Topical term or geographic name entry element METHANE GAS EMISSIONS
690 ## - LOCAL SUBJECT ADDED ENTRY--TOPICAL TERM (OCLC, RLIN)
Topical term or geographic name as entry element ENVIRONMENT-CONTAMINATION
856 ## - ELECTRONIC LOCATION AND ACCESS
Uniform Resource Identifier <a href="https://www.environment-agency.gov.uk/yourenv/consultations/479111/">https://www.environment-agency.gov.uk/yourenv/consultations/479111/</a>
Hours access method available View the consultation on the Environment Agency website...
942 ## - ADDED ENTRY ELEMENTS (KOHA)
Suppress in OPAC 0
Holdings
Withdrawn status Lost status Source of classification or shelving scheme Damaged status Not for loan Home library Current library Shelving location Date acquired Total Checkouts Full call number Barcode Date last seen Copy number Price effective from Koha item type
    Dewey Decimal Classification     Virtual Virtual Online 21/05/2003   ONLINE PUBLICATION 122352-1001 06/08/2019 1 06/08/2019 Book